Every 100,000+ City in Switzerland in Order - Statistics

General Stats
  • This quiz has been taken 60 times
  • The average score is 9 of 10
Answer Stats
Letter Population City % Correct
B 248,064 Bern
100%
G 823,367 Genève
100%
Z 1,461,073 Zürich
100%
B 580,365 Basel
98%
L 421,495 Lausanne
94%
L 161,085 Lucerne
90%
S-G 135,416 St. Gallen
86%
W 147,616 Winterthur
76%
L 165,638 Lugano
74%
B 102,780 Biel/Bienne
58%
No matching quizzes found
Score Distribution
Percent of People with Each Score
Percentile by Number Answered
Your Score History
You have not taken this quiz